DOĞU BATI ARASINDA İSLAM (Record no. 1051934)

MARC details
000 -LEADER
sabit uzunluktaki kontrol alanı 00261nam a2200097Ia 4500
001 - KONTROL NUMARASI
kontrol alanı 1051934
005 - EN SON İŞLEMİN TARİH VE ZAMANI
kontrol alanı 20250827001236.0
008 - SABİT-UZUNLUKTA VERİ ÖĞELERİ--GENEL BİLGİ
sabit uzunluktaki kontrol alanı 250824s9999 xx 000 0 und d
245 #0 - ESER / YAZAR
ESER ADI DOĞU BATI ARASINDA İSLAM
Yazar Adı ALİYA İZZETBEGOVİÇ
260 ## - YAYIN, DAĞITIM, VB.
YAYIN EVİ KETEBE YAYINLARI
Holdings
Düşüm durumu Kayıp durumu Hasar Durumu Ödünç verilmez Ana kütüphane Geçerli Kütüphane Edinilen tarih Toplam ödünç verme sayısı Barkod Son görüntüleme tarihi Fiyatın geçerli olmaya başladığı tarih Koha materyal türü
        M. HALİL İBRAHİM HEKİMOĞLU ANADOLU LİSESİ M. HALİL İBRAHİM HEKİMOĞLU ANADOLU LİSESİ 24.08.2025   10773326 27.08.2025 27.08.2025 Books